Plantilla Betis La Liga 24/25 - Estadísticas

Estadísticas generales
  • Esta prueba ha sido intentada 166 veces
  • La puntuación promedio es 16 de 25
Estadísticas de respuestas
Imagen Hint Respuesta % Correcto
2 Bellerín
98%
5 Bartra
84%
22 Isco
84%
7 Antony
83%
10 Ez Abde
82%
9 Chimy Ávila
78%
20 Lo Celso
76%
Entrenador Manuel Pellegrini
75%
13 Adrián
73%
11 Bakambu
73%
18 P. Fornals
71%
24 Aitor Ruibal
69%
19 Cucho
69%
6 Natan
68%
14 William
67%
23 Sabaly
66%
12 Rodríguez
63%
21 Marc Roca
60%
16 S. Altimira
58%
15 Perraud
57%
4 Johnny
47%
25 Fran Vieites
46%
36 J. Rodríguez
22%
3 Llorente R.
13%
32 N. Mendy
12%
No se encontraron pruebas coincidentes
Distribución de puntuación
Porcentaje de gente con cada puntuación
Porcentaje por número respondido
Historial de tus puntuaciones
No has intentado esta prueba.